El Consumo de productos marinos en Costa Rica: Volúmenes y determinantes /

Đã lưu trong:
Chi tiết về thư mục
Tác giả chính: Bermúdez Méndez, Alicia
Tác giả khác: Villalobos F., Arturo, Pacheco Oreamuno, Amparo
Định dạng: Texto
Được phát hành: San José: UCR. FCE. IICE
Những chủ đề:
Các nhãn: Thêm thẻ
Không có thẻ, Là người đầu tiên thẻ bản ghi này!

MARC

LEADER 00000 a a2200000 04500
001 14246
003
040
090 |a 021200  
100 |a Bermúdez Méndez, Alicia  
245 |a El Consumo de productos marinos en Costa Rica: Volúmenes y determinantes /  |c Alicia Bermúdez Méndez 
260 |a San José:   |b UCR. FCE. IICE  
300 |a 12; 185 p.  
650 |a PRODUCTOS PESQUEROS  
650 |a CONSUMO  
700 |a Villalobos F., Arturo  
700 |a Pacheco Oreamuno, Amparo  
999 |c 10815  |d 10815